| 000 | 00739nam a22001577a 4500 | ||
|---|---|---|---|
| 003 | OSt | ||
| 005 | 20151007165021.0 | ||
| 008 | 151007b xxu||||| |||| 00| 0 eng d | ||
| 040 | _cRUA | ||
| 082 | _aAVM PHA 2007 B080 Or.1 | ||
| 100 |
_92322 _aPHANN, SOKRET. |
||
| 245 | _aEffect of paragrass silage on growing goats at animal experimental station of rua, ឥទ្ធិពលនៃការផ្អាប់ស្មៅបារាំងលើការលូតលាស់របស់ពពែនៅស្ថានីយ័ពិសោធន៏សត្វ នៃសាកលវិទ្យាល័យភូមិន្ទកសិកម្ម | ||
| 260 |
_aPhnom Penh _bRUA _c2007 |
||
| 300 |
_bx; 43p. _cill. _e29cm. |
||
| 942 |
_2ddc _cAVM |
||
| 999 |
_c2189 _d2189 |
||